Pays avec le plus de riches - Statistiques

Statistiques générales
  • Ce quiz a été pris 230 fois
  • Le résultat moyen est 15 sur 20
Statistiques - réponses
Nombre Pays % Correct
800 Etats-Unis
100%
68 France
99%
814 Chine
98%
76 Russie
94%
44 Japon
90%
140 Allemagne
88%
27 Espagne
87%
64 Brésil
86%
271 Inde
86%
146 Royaume-Uni
86%
69 Italie
84%
53 Canada
83%
106 Suisse
81%
45 Australie
78%
37 Corée du sud
73%
25 Suède
65%
47 Indonésie
51%
42 Singapour
42%
49 Thaïlande
42%
29 Israël
31%
Aucun quiz correspondant
Distribution des résultats
% des personnes avec chaque résultat
Percentile par nombre de réponses
Votre historique - résultats
Vous n’avez pas pris ce quiz